Statistics for Flowers

Click here to take the quiz!

General Stats

  • This quiz has been taken 16 times
  • The average score is 9 of 16

Answer Stats

Answer% Correct
Sunflower
100%
Daisy
92%
Tulip
85%
Iris
77%
Lavender
77%
Rose
77%
Daffodil
69%
Buttercup
62%
Clover
62%
Lily
62%
Peony
54%
Forget-me-not
46%
Poppy
46%
Wattle
23%
Banksia
8%
Calendula
8%

Score Distribution

Percentile by Number Answered

Percent of People with Each Score

Your Score History

You have not taken this quiz